000 01043pam a2200337 a 4500
001 4285
003 FISKH
005 20240712081713.0
008 930823s1994 nyua j 000 1 eng
010 _a 93034127
020 _a0448402203 (GB)
020 _a044840219X (pbk.)
040 _aDLC
_cDLC
_dDLC
_beng
050 _aPZ7.O222
082 _a813
100 1 _aO'Connor, Jane.
245 1 0 _aSplat! /
_cby Jane O'Connor ; illustrated by Marilyn Mets.
260 _aNew York :
_bGrosset & Dunlap,
_c1994.
300 _a32 pages :
_bcolor illustrations ;
_c23 cm
440 0 _aAll aboard reading
505 _aF
520 _aA young boy, bothered by his size, thinks that the super squirt gun he buys will transform him from "Squirt" into "Splat Master."
521 8 _a300
_bLexile
521 8 _aF
_bRaz-Plus
650 1 _aSize
_xFiction.
650 1 _aToys
_xFiction.
700 1 _aMets, Marilyn,
_eillustrator
906 _a7
_bcbc
_corignew
_d1
_eocip
_f19
_gy-gencatlg
942 _2ddc
_cBK
_n0
999 _c4285
_d4285